[Event "European Online Club-ch-A 2021"]
[Site "Online"]
[Date "2021.03.27"]
[Round "6.8"]
[White "Royal, Shreyas"]
[Black "Brozka, Karel"]
[Result "1-0"]
[WhiteElo "2121"]
[BlackElo "2080"]
[Annotator "NA"]
[PlyCount "91"]
[EventDate "2021.03.27"]
[EventType "team-tourn"]
[EventCountry "NET"]
[SourceTitle "playchess.com"]
[Source "ChessBase"]
[SourceQuality "1"]
[TimeControl "900+5"]

1. d4 {[%emt 0:00:00]} Nf6 {[%emt 0:00:05]} 2. c4 {[%emt 0:00:02]} c5 {[%emt 0:00:03]} 3. d5 {[%emt 0:00:03]} b5 {[%emt 0:00:03]} 4. Nf3 {[%emt 0:00:02]} g6 {[%emt 0:00:08]} 5. cxb5 {[%emt 0:00:06]} a6 {[%emt 0:00:03]} 6. b6 {[%emt 0:00:04]} d6 {[%emt 0:00:06]} 7. Nc3 {[%emt 0:00:15]} Nbd7 {[%emt 0:00:12]} 8. a4 {[%emt 0:00:33]} Nxb6 {[%emt 0:00:06]} 9. e4 {[%emt 0:00:05]} Bg7 {[%emt 0:00:07]} 10. Be2 {[%emt 0:00:34]} O-O {[%emt 0:00:04]} 11. O-O {[%emt 0:00:08]} a5 {[%emt 0:02:08]} 12. Bb5 {[%emt 0:00:41]} Bb7 {[%emt 0:03:56]} 13. Qe2 {[%emt 0:01:20]} Qc7 {[%emt 0:00:23]} 14. Nd2 {[%emt 0:01:07]} e6 {[%emt 0:00:48]} 15. dxe6 {[%emt 0:00:42]} fxe6 {[%emt 0:00:05]} 16. e5 {[%emt 0:00:04]} Nfd5 {[%emt 0:00:59]} 17. exd6 {[%emt 0:00:59]} Qxd6 {[%emt 0:00:54]} 18. Nc4 {[%emt 0:00:17]} Nxc4 {[%emt 0:00:30]} 19. Bxc4 {[%emt 0:00:04]} Rae8 {[%emt 0:00:24]} 20. Ne4 {[%emt 0:01:12]} Qc7 {[%emt 0:00:54]} 21. Bb5 {[%emt 0:02:32]} Rc8 {[%emt 0:01:26]} 22. Ng5 {[%emt 0:00:56]} Bd4 {[%emt 0:01:15]} 23. Nxe6 {[%emt 0:00:33]} Qf7 {[%emt 0:00:14]} 24. Nxf8 {[%emt 0:00:56]} Rxf8 {[%emt 0:00:09]} 25. Be3 {[%emt 0:00:26]} Nf4 {[%emt 0:00:23]} 26. Bxf4 {[%emt 0:00:08]} Qxf4 {[%emt 0:00:08]} 27. Bc6 {[%emt 0:01:23]} Bxc6 {[%emt 0:01:20]} 28. Qe6+ {[%emt 0:00:02]} Kh8 {[%emt 0:00:07]} 29. Qxc6 {[%emt 0:00:02]} Bxb2 {[%emt 0:00:14]} 30. Rab1 {[%emt 0:00:17]} Bd4 {[%emt 0:00:04]} 31. Qb5 {[%emt 0:00:01]} Bxf2+ {[%emt 0:00:03]} 32. Kh1 {[%emt 0:00:02]} Qd4 {[%emt 0:00:05]} 33. Qxa5 {[%emt 0:00:15]} Kg7 {[%emt 0:00:02]} 34. Rbd1 {[%emt 0:00:08]} Qe3 {[%emt 0:00:10]} 35. Rc1 {[%emt 0:00:18]} Qe5 {[%emt 0:00:07]} 36. Qc3 {[%emt 0:00:36]} Bd4 {[%emt 0:00:06]} 37. Qd3 {[%emt 0:00:04]} Bf2 {[%emt 0:00:04]} 38. a5 {[%emt 0:00:15]} Rf5 {[%emt 0:00:02]} 39. a6 {[%emt 0:00:13]} Rf7 {[%emt 0:00:08]} 40. Qc4 {[%emt 0:00:08]} Rf5 {[%emt 0:00:05]} 41. Qd3 {[%emt 0:00:13]} Rf7 {[%emt 0:00:07]} 42. Rb1 {[%emt 0:00:03]} Kh6 {[%emt 0:00:07]} 43. Qh3+ {[%emt 0:00:15]} Kg7 {[%emt 0:00:04]} 44. Rb7 {[%emt 0:00:08]} Qe2 {[%emt 0:00:06]} 45. Rxf7+ {[%emt 0:00:03]} Kg8 {[%emt 0:00:06]} 46. R7xf2 {[%emt 0:00:04]} 1-0

[Event "European Online Club-ch-A 2021"]
[Site "Online"]
[Date "2021.03.27"]
[Round "6.9"]
[White "Rapport, Richard"]
[Black "Zavgorodniy, Sergiy"]
[Result "1-0"]
[WhiteElo "2763"]
[BlackElo "2418"]
[Annotator "TA"]
[PlyCount "55"]
[EventDate "2021.03.27"]
[EventType "team-tourn"]
[EventCountry "NET"]
[SourceTitle "playchess.com"]
[Source "ChessBase"]
[SourceQuality "1"]

{[%evp 15,55,48,54,54,65,59,66,60,71,56,52,24,74,29,52,58,118,19,79,100,88,75,153,152,183,183,225,225,236,231,227,216,331,216,440,258,440,435,704,707,918,895]} 1. c4 Nf6 2. Nc3 d6 3. d4 Nbd7 4. e4 e5 5. Nf3 Be7 6. Be2 O-O 7. O-O c6 8. Be3 Re8 9. Qc2 {A55: Old Indian Defence with Nf3 and e4.} Qc7 10. Rfd1 Nf8 11. h3 {White is slightly better.} Ng6 12. Bf1 $5 {[%mdl 4] Leaves trodden paths.} h6 13. b4 {[#]} Nh7 $146 ({Predecessor:} 13... exd4 14. Nxd4 Bf8 15. b5 Bd7 16. bxc6 bxc6 17. c5 dxc5 18. Nb3 Qe5 19. Qc1 Bc8 {1-0 (40) Oliva Castaneda,K (2515)-Quesada Vera,L (2458) Sabadell 2019}) 14. Qd2 a5 15. b5 Bf6 ({Black should play} 15... Ng5 $14) 16. b6 ({Better is} 16. dxe5 $16 dxe5 17. Na4) 16... Qe7 (16... Qd8 $11 {keeps the balance.}) 17. d5 $16 c5 18. Nb5 Bd7 ({Black should try} 18... Rf8) 19. Nc7 $1 {[%csl LRa8,LRe8][%mdl 64] [#] Double Attack} Ng5 20. Nxg5 (20. Nxa8 Nxf3+ 21. gxf3 Rxa8 $11) 20... hxg5 21. Be2 Red8 22. Nxa8 Rxa8 23. Bg4 Be8 (23... Ba4 $142 24. Rdc1 Qd8) 24. g3 Nf4 $2 {[#]} (24... Qd8 {was called for.} 25. Rab1 Ra6) 25. f3 ({Less strong is} 25. gxf4 exf4 26. Bxc5 (26. e5 Bxe5 27. Rac1 fxe3 $11) 26... Bxa1 $16) (25. Bxc5 $142 $1 {[%mdl 512]} Ba4 (25... dxc5 26. d6) 26. Ba3) 25... g6 $2 (25... Ng6 26. Rdc1 Nf8) 26. h4 $18 {White is clearly winning.} ({Not} 26. gxf4 exf4 27. Bf2 Bxa1 $18) 26... Bd7 (26... Nh5 $142 27. hxg5 Bg7) 27. hxg5 (27. gxf4 exf4 28. Bxd7 fxe3 $16) 27... Bxg4 28. gxf6 {Weighted Error Value: White=0.36/Black=0.54} ({Weaker is} 28. fxg4 Nh3+ 29. Kg2 Nxg5 $18) 1-0

[Event "European Online Club-ch-A 2021"]
[Site "Online"]
[Date "2021.03.27"]
[Round "6.10"]
[White "Mitusov, Semen"]
[Black "Bacrot, Etienne"]
[Result "0-1"]
[WhiteElo "2297"]
[BlackElo "2678"]
[Annotator "ChessBase"]
[PlyCount "110"]
[EventDate "2021.03.27"]
[EventType "team-tourn"]
[EventCountry "NET"]
[SourceTitle "playchess.com"]
[Source "ChessBase"]
[SourceQuality "1"]
[TimeControl "900+5"]

1. e4 {[%emt 0:00:00]} c5 {[%emt 0:00:04]} 2. Nf3 {[%emt 0:00:07]} Nc6 {[%emt 0:00:02]} 3. c3 {[%emt 0:00:02]} d5 {[%emt 0:00:06]} 4. exd5 {[%emt 0:00:02]} Qxd5 {[%emt 0:00:01]} 5. d4 {[%emt 0:00:02]} Bf5 {[%emt 0:00:06]} 6. Be2 {[%emt 0:00:18]} cxd4 {[%emt 0:00:23]} 7. cxd4 {[%emt 0:00:18]} Bxb1 {[%emt 0:00:05]} 8. Rxb1 {[%emt 0:00:24]} e6 {[%emt 0:00:02]} 9. a3 {[%emt 0:00:16]} Nf6 {[%emt 0:01:06]} 10. O-O {[%emt 0:00:44]} Be7 {[%emt 0:00:03]} 11. h3 {[%emt 0:00:31]} O-O {[%emt 0:00:03]} 12. Be3 {[%emt 0:00:46]} Rfd8 {[%emt 0:00:27]} 13. Rc1 {[%emt 0:00:16]} a6 {[%emt 0:00:06]} 14. Bc4 {[%emt 0:00:18]} Qh5 {[%emt 0:00:12]} 15. Ne5 {[%emt 0:01:02]} Qxd1 {[%emt 0:02:30]} 16. Rfxd1 {[%emt 0:00:07]} Rdc8 {[%emt 0:01:47]} 17. Nxc6 {[%emt 0:02:12]} Rxc6 {[%emt 0:00:07]} 18. d5 {[%emt 0:00:19]} exd5 {[%emt 0:00:02]} 19. Bxd5 {[%emt 0:00:06]} Rxc1 {[%emt 0:00:02]} 20. Bxc1 {[%emt 0:00:06]} Nxd5 {[%emt 0:00:05]} 21. Rxd5 {[%emt 0:00:04]} Kf8 {[%emt 0:00:03]} 22. Rd7 {[%emt 0:00:20]} b5 {[%emt 0:00:03]} 23. Be3 {[%emt 0:00:38]} Ke8 {[%emt 0:00:42]} 24. Ra7 {[%emt 0:00:35]} Rxa7 {[%emt 0:00:05]} 25. Bxa7 {[%emt 0:00:02]} Kd7 {[%emt 0:01:14]} 26. Bd4 {[%emt 0:00:16]} Kc6 {[%emt 0:00:50]} 27. Bxg7 {[%emt 0:00:36]} Kd5 {[%emt 0:00:02]} 28. Kf1 {[%emt 0:00:36]} Kc4 {[%emt 0:00:06]} 29. Ke2 {[%emt 0:00:10]} Kb3 {[%emt 0:00:09]} 30. Kd1 {[%emt 0:00:10]} a5 {[%emt 0:00:44]} 31. Kc1 {[%emt 0:00:14]} Bc5 {[%emt 0:00:08]} 32. f3 {[%emt 0:00:13]} Be3+ {[%emt 0:00:05]} 33. Kb1 {[%emt 0:00:03]} b4 {[%emt 0:00:06]} 34. axb4 {[%emt 0:00:05]} axb4 {[%emt 0:00:01]} 35. Bf6 {[%emt 0:01:16]} Kc4 {[%emt 0:00:21]} 36. Ka2 {[%emt 0:00:14]} Bc5 {[%emt 0:01:59]} 37. b3+ {[%emt 0:00:33]} Kd3 {[%emt 0:00:02]} 38. f4 {[%emt 0:01:04]} Ke3 {[%emt 0:00:20]} 39. Be5 {[%emt 0:00:07]} Kf2 {[%emt 0:01:19]} 40. g4 {[%emt 0:00:05]} Kg3 {[%emt 0:00:03]} 41. Kb2 {[%emt 0:00:23]} Kxh3 {[%emt 0:00:16]} 42. g5 {[%emt 0:00:02]} Kg4 {[%emt 0:00:48]} 43. Kc2 {[%emt 0:00:05]} Kf3 {[%emt 0:00:41]} 44. Kd1 {[%emt 0:01:31]} Be3 {[%emt 0:00:48]} 45. Bd6 {[%emt 0:00:03]} Bxf4 {[%emt 0:00:01]} 46. Bxb4 {[%emt 0:00:02]} Bxg5 {[%emt 0:00:02]} 47. Ke1 {[%emt 0:00:03]} Be3 {[%emt 0:00:04]} 48. Be7 {[%emt 0:00:15]} f5 {[%emt 0:00:05]} 49. Kf1 {[%emt 0:00:07]} h5 {[%emt 0:00:07]} 50. b4 {[%emt 0:00:08]} f4 {[%emt 0:00:05]} 51. Bd8 {[%emt 0:00:39]} Kg3 {[%emt 0:00:02]} 52. b5 {[%emt 0:00:18]} h4 {[%emt 0:00:02]} 53. b6 {[%emt 0:00:02]} h3 {[%emt 0:00:02]} 54. b7 {[%emt 0:00:01]} Ba7 {[%emt 0:00:17]} 55. Bb6 {[%emt 0:00:18]} h2 {[%emt 0:00:10]} 0-1

[Event "European Online Club-ch-A 2021"]
[Site "Online"]
[Date "2021.03.27"]
[Round "6.12"]
[White "Babiy, Igor"]
[Black "Naiditsch, Arkadij"]
[Result "0-1"]
[WhiteElo "2241"]
[BlackElo "2649"]
[Annotator "ChessBase"]
[PlyCount "138"]
[EventDate "2021.03.27"]
[EventType "team-tourn"]
[EventCountry "NET"]
[SourceTitle "playchess.com"]
[Source "ChessBase"]
[SourceQuality "1"]
[TimeControl "900+5"]

1. Nf3 {[%emt 0:00:00]} Nf6 {[%emt 0:00:04]} 2. c4 {[%emt 0:00:03]} g6 {[%emt 0:00:02]} 3. Nc3 {[%emt 0:00:02]} Bg7 {[%emt 0:00:01]} 4. g3 {[%emt 0:00:02]} O-O {[%emt 0:00:02]} 5. Bg2 {[%emt 0:00:01]} d6 {[%emt 0:00:02]} 6. O-O {[%emt 0:00:02]} e5 {[%emt 0:00:02]} 7. d3 {[%emt 0:00:02]} c6 {[%emt 0:00:05]} 8. c5 {[%emt 0:00:04]} dxc5 {[%emt 0:00:16]} 9. Nxe5 {[%emt 0:00:03]} Re8 {[%emt 0:00:02]} 10. Nf3 {[%emt 0:01:00]} Bg4 {[%emt 0:00:03]} 11. h3 {[%emt 0:00:09]} Bf5 {[%emt 0:00:22]} 12. Bg5 {[%emt 0:00:32]} h6 {[%emt 0:00:04]} 13. Bf4 {[%emt 0:00:14]} Nbd7 {[%emt 0:00:28]} 14. Re1 {[%emt 0:00:21]} Rc8 {[%emt 0:00:09]} 15. Qb3 {[%emt 0:00:50]} b5 {[%emt 0:00:15]} 16. Rad1 {[%emt 0:00:16]} Qb6 {[%emt 0:00:21]} 17. a3 {[%emt 0:00:41]} a5 {[%emt 0:00:26]} 18. Qc2 {[%emt 0:00:50]} a4 {[%emt 0:00:44]} 19. Rc1 {[%emt 0:00:45]} c4 {[%emt 0:00:35]} 20. e4 {[%emt 0:00:05]} cxd3 {[%emt 0:00:06]} 21. Qxd3 {[%emt 0:00:00]} Be6 {[%emt 0:01:22]} 22. Be3 {[%emt 0:02:04]} Qa5 {[%emt 0:00:37]} 23. Qd2 {[%emt 0:00:19]} Kh7 {[%emt 0:00:36]} 24. Nd4 {[%emt 0:00:48]} Bc4 {[%emt 0:00:08]} 25. f4 {[%emt 0:00:07]} c5 {[%emt 0:00:20]} 26. Ncxb5 {[%emt 0:02:01]} Qxd2 {[%emt 0:00:10]} 27. Bxd2 {[%emt 0:00:00]} cxd4 {[%emt 0:01:07]} 28. Nd6 {[%emt 0:00:03]} Ba6 {[%emt 0:00:14]} 29. Nxc8 {[%emt 0:00:02]} Bxc8 {[%emt 0:00:39]} 30. e5 {[%emt 0:00:04]} Ng8 {[%emt 0:00:07]} 31. Rc7 {[%emt 0:00:08]} Ne7 {[%emt 0:00:28]} 32. Bb4 {[%emt 0:00:28]} Nf5 {[%emt 0:00:28]} 33. Rec1 {[%emt 0:00:55]} Nb6 {[%emt 0:00:03]} 34. R1c6 {[%emt 0:00:55]} Nxg3 {[%emt 0:00:33]} 35. Rxb6 {[%emt 0:00:58]} Be6 {[%emt 0:00:03]} 36. Kf2 {[%emt 0:00:29]} Nh5 {[%emt 0:00:10]} 37. Bd2 {[%emt 0:00:10]} g5 {[%emt 0:00:31]} 38. Bc6 {[%emt 0:00:02]} Rf8 {[%emt 0:00:13]} 39. Be4+ {[%emt 0:00:32]} Kg8 {[%emt 0:00:05]} 40. f5 {[%emt 0:00:43]} Bxe5 {[%emt 0:00:03]} 41. Rc5 {[%emt 0:00:02]} Bg3+ {[%emt 0:00:07]} 42. Kf3 {[%emt 0:00:13]} Bb3 {[%emt 0:00:09]} 43. Kg4 {[%emt 0:00:10]} Bf4 {[%emt 0:01:08]} 44. Bxf4 {[%emt 0:01:01]} Nxf4 {[%emt 0:00:40]} 45. Rxh6 {[%emt 0:00:02]} f6 {[%emt 0:00:07]} 46. Rc7 {[%emt 0:00:06]} d3 {[%emt 0:00:21]} 47. Rd7 {[%emt 0:00:20]} d2 {[%emt 0:01:39]} 48. Bf3 {[%emt 0:00:06]} Bf7 {[%emt 0:01:35]} 49. Rxd2 {[%emt 0:00:05]} Kg7 {[%emt 0:00:03]} 50. Rg6+ {[%emt 0:00:07]} Nxg6 {[%emt 0:00:40]} 51. fxg6 {[%emt 0:00:00]} Be6+ {[%emt 0:00:03]} 52. Kg3 {[%emt 0:00:03]} Rb8 {[%emt 0:00:17]} 53. h4 {[%emt 0:00:07]} Rb3 {[%emt 0:00:10]} 54. hxg5 {[%emt 0:00:07]} fxg5 {[%emt 0:00:00]} 55. Kf2 {[%emt 0:00:04]} Kxg6 {[%emt 0:00:11]} 56. Bd1 {[%emt 0:00:02]} Rb6 {[%emt 0:00:13]} 57. Bxa4 {[%emt 0:00:02]} g4 {[%emt 0:00:02]} 58. b4 {[%emt 0:00:05]} Kg5 {[%emt 0:00:05]} 59. Bd1 {[%emt 0:00:12]} Kh4 {[%emt 0:00:05]} 60. Rd3 {[%emt 0:00:06]} Bf5 {[%emt 0:00:04]} 61. Rd4 {[%emt 0:00:06]} Rf6 {[%emt 0:00:05]} 62. Kg2 {[%emt 0:00:07]} Re6 {[%emt 0:00:02]} 63. b5 {[%emt 0:00:04]} Be4+ {[%emt 0:00:02]} 64. Kg1 {[%emt 0:00:04]} Kg3 {[%emt 0:00:06]} 65. a4 {[%emt 0:00:06]} Bf3 {[%emt 0:00:01]} 66. Kf1 {[%emt 0:00:04]} Rh6 {[%emt 0:00:03]} 67. Bxf3 {[%emt 0:00:08]} gxf3 {[%emt 0:00:02]} 68. Ke1 {[%emt 0:00:03]} f2+ {[%emt 0:00:07]} 69. Ke2 {[%emt 0:00:07]} Re6+ {[%emt 0:00:02]} 0-1

[Event "European Online Club-ch-A 2021"]
[Site "Online"]
[Date "2021.03.27"]
[Round "6.13"]
[White "Artemiev, Vladislav"]
[Black "Jakubowski, Krzysztof"]
[Result "1-0"]
[WhiteElo "2709"]
[BlackElo "2497"]
[Annotator "TA"]
[PlyCount "53"]
[EventDate "2021.03.27"]
[EventType "team-tourn"]
[EventCountry "NET"]
[SourceTitle "playchess.com"]
[Source "ChessBase"]
[SourceQuality "1"]

{[%evp 21,53,18,25,18,25,13,24,20,42,44,101,57,166,97,150,74,148,152,267,265,276,274,401,402,402,391,713,700,1176,1176,1167,1149,29980,2920]} 1. d4 Nf6 2. Bg5 e6 3. Nd2 c5 4. e3 Nc6 5. Ngf3 b6 6. c3 cxd4 7. exd4 Be7 8. Bd3 Bb7 9. O-O O-O 10. Re1 Nd5 11. Bxe7 Ncxe7 12. Ne4 {A47: 1 d4 Nf6 2 Nf3 b6: Torre, London and Colle Systems.} Qc7 13. g3 f5 {[#]} 14. Ned2 $5 $146 {[%mdl 8] White has an edge. An interesting novelty.} ({Predecessor:} 14. Neg5 h6 15. Nh3 Rf6 16. Ne5 d6 17. Nc4 Qc6 18. f3 g5 19. Nd2 Ng6 20. Bf1 {½-½ (79) Eiti,B (1813)-Yilmazyerli,M (2295) Kemer 2009}) 14... Rf6 15. c4 Nf4 16. Bf1 Rh6 17. d5 (17. gxf4 $18 Qxf4 18. h3) 17... Neg6 18. Ng5 (18. gxf4 $142 Qxf4 19. Bg2) 18... exd5 (18... Rh5 $142) 19. cxd5 $16 Bxd5 (19... Rf8 $16 {was necessary.}) 20. Ndf3 $18 Rf8 21. Rc1 ({Resist} 21. gxf4 $6 Nxf4 22. Rc1 Rc6 $18) 21... Qd8 (21... Qb7 {might work better.} 22. gxf4 Nxf4) 22. gxf4 Nxf4 23. Bc4 Rd6 (23... Bxc4 24. Rxc4 Ne6) 24. Qd4 Ne6 25. Bxd5 Kh8 26. Qh4 {[%csl Gg5][%cal Rh4h7] [#]} Nxg5 27. Nxg5 {[%csl Gg5][%cal Rh4h7] Black got outplayed after the opening.  Weighted Error Value: White=0.19/Black=1.03} 1-0

[Event "European Online Club-ch-A 2021"]
[Site "Online"]
[Date "2021.03.27"]
[Round "6.14"]
[White "Schmidek, Emil"]
[Black "Kamsky, Gata"]
[Result "0-1"]
[WhiteElo "2402"]
[BlackElo "2665"]
[Annotator "ChessBase"]
[PlyCount "96"]
[EventDate "2021.03.27"]
[EventType "team-tourn"]
[EventCountry "NET"]
[SourceTitle "playchess.com"]
[Source "ChessBase"]
[SourceQuality "1"]
[TimeControl "900+5"]

1. d4 {[%emt 0:00:00]} Nf6 {[%emt 0:00:45]} 2. c4 {[%emt 0:00:03]} e6 {[%emt 0:00:03]} 3. Nc3 {[%emt 0:00:01]} Bb4 {[%emt 0:00:05]} 4. e3 {[%emt 0:00:02]} O-O {[%emt 0:00:07]} 5. Nge2 {[%emt 0:00:01]} d5 {[%emt 0:00:11]} 6. a3 {[%emt 0:00:04]} Be7 {[%emt 0:00:06]} 7. cxd5 {[%emt 0:00:01]} exd5 {[%emt 0:00:05]} 8. g3 {[%emt 0:00:01]} c6 {[%emt 0:00:42]} 9. Bg2 {[%emt 0:00:02]} Nbd7 {[%emt 0:00:08]} 10. O-O {[%emt 0:00:03]} Nb6 {[%emt 0:00:09]} 11. Qc2 {[%emt 0:01:00]} Re8 {[%emt 0:00:32]} 12. Rd1 {[%emt 0:00:20]} Bd7 {[%emt 0:00:20]} 13. Bd2 {[%emt 0:00:04]} Qc8 {[%emt 0:00:08]} 14. Nf4 {[%emt 0:00:18]} Bf5 {[%emt 0:00:07]} 15. Qb3 {[%emt 0:00:14]} Bd6 {[%emt 0:00:04]} 16. Nce2 {[%emt 0:00:22]} Nc4 {[%emt 0:00:21]} 17. Bb4 {[%emt 0:00:33]} Bc7 {[%emt 0:00:03]} 18. a4 {[%emt 0:01:00]} a5 {[%emt 0:00:06]} 19. Bc5 {[%emt 0:00:05]} Ne4 {[%emt 0:00:11]} 20. Rac1 {[%emt 0:00:58]} Ncd2 {[%emt 0:00:56]} 21. Qa2 {[%emt 0:00:28]} g5 {[%emt 0:00:06]} 22. Nh5 {[%emt 0:06:27]} Bg4 {[%emt 0:00:37]} 23. Rxd2 {[%emt 0:00:05]} Bxh5 {[%emt 0:00:05]} 24. Rdc2 {[%emt 0:00:05]} Qf5 {[%emt 0:00:15]} 25. Nc3 {[%emt 0:00:46]} Nxc5 {[%emt 0:02:41]} 26. dxc5 {[%emt 0:00:04]} Bg6 {[%emt 0:01:25]} 27. Qb3 {[%emt 0:00:48]} Rab8 {[%emt 0:00:08]} 28. Ne2 {[%emt 0:00:29]} h5 {[%emt 0:00:25]} 29. Nd4 {[%emt 0:00:41]} Qf6 {[%emt 0:00:18]} 30. Rd2 {[%emt 0:00:41]} h4 {[%emt 0:00:15]} 31. Qd1 {[%emt 0:01:01]} hxg3 {[%emt 0:00:32]} 32. hxg3 {[%emt 0:00:13]} Kg7 {[%emt 0:00:29]} 33. Qf3 {[%emt 0:00:27]} Qxf3 {[%emt 0:00:32]} 34. Bxf3 {[%emt 0:00:04]} f5 {[%emt 0:00:06]} 35. Kg2 {[%emt 0:00:14]} Kf6 {[%emt 0:00:11]} 36. Rh1 {[%emt 0:00:04]} Rh8 {[%emt 0:00:15]} 37. Rdd1 {[%emt 0:00:02]} Be5 {[%emt 0:00:24]} 38. Rxh8 {[%emt 0:00:10]} Rxh8 {[%emt 0:00:03]} 39. Rh1 {[%emt 0:00:03]} Rxh1 {[%emt 0:00:18]} 40. Kxh1 {[%emt 0:00:00]} f4 {[%emt 0:00:41]} 41. gxf4 {[%emt 0:00:02]} gxf4 {[%emt 0:00:02]} 42. Kg2 {[%emt 0:00:03]} Bxd4 {[%emt 0:01:06]} 43. exd4 {[%emt 0:00:00]} Be4 {[%emt 0:00:04]} 44. Bxe4 {[%emt 0:00:23]} dxe4 {[%emt 0:00:01]} 45. Kh3 {[%emt 0:00:07]} Kf5 {[%emt 0:00:05]} 46. Kg2 {[%emt 0:00:05]} Ke6 {[%emt 0:00:05]} 47. Kh3 {[%emt 0:00:02]} Kd5 {[%emt 0:00:06]} 48. Kg4 {[%emt 0:00:01]} f3 {[%emt 0:00:01]} 0-1

[Event "European Online Club-ch-A 2021"]
[Site "Online"]
[Date "2021.03.27"]
[Round "6.15"]
[White "Timofeev, Artyom"]
[Black "Agopov, Mikael"]
[Result "1-0"]
[WhiteElo "2594"]
[BlackElo "2427"]
[Annotator "ChessBase"]
[PlyCount "119"]
[EventDate "2021.03.27"]
[EventType "team-tourn"]
[EventCountry "NET"]
[SourceTitle "playchess.com"]
[Source "ChessBase"]
[SourceQuality "1"]
[TimeControl "900+5"]

1. d4 {[%emt 0:00:00]} Nf6 {[%emt 0:00:03]} 2. c4 {[%emt 0:00:03]} e6 {[%emt 0:00:01]} 3. g3 {[%emt 0:00:14]} c5 {[%emt 0:00:11]} 4. d5 {[%emt 0:00:05]} exd5 {[%emt 0:00:02]} 5. cxd5 {[%emt 0:00:01]} d6 {[%emt 0:00:02]} 6. Nc3 {[%emt 0:00:06]} g6 {[%emt 0:00:02]} 7. Bg2 {[%emt 0:00:02]} Bg7 {[%emt 0:00:02]} 8. Nf3 {[%emt 0:00:06]} O-O {[%emt 0:00:02]} 9. O-O {[%emt 0:00:02]} Re8 {[%emt 0:00:03]} 10. Nd2 {[%emt 0:00:04]} Nbd7 {[%emt 0:00:13]} 11. a4 {[%emt 0:00:20]} a6 {[%emt 0:00:16]} 12. h3 {[%emt 0:00:07]} Rb8 {[%emt 0:01:03]} 13. a5 {[%emt 0:00:05]} b5 {[%emt 0:00:04]} 14. axb6 {[%emt 0:00:02]} Nxb6 {[%emt 0:00:01]} 15. Re1 {[%emt 0:00:36]} Bd7 {[%emt 0:00:05]} 16. Kh2 {[%emt 0:01:10]} Bb5 {[%emt 0:00:19]} 17. Nde4 {[%emt 0:00:23]} Nxe4 {[%emt 0:01:07]} 18. Nxe4 {[%emt 0:00:06]} Nc4 {[%emt 0:00:05]} 19. Bg5 {[%emt 0:00:17]} f6 {[%emt 0:00:03]} 20. Bc1 {[%emt 0:00:03]} f5 {[%emt 0:00:14]} 21. Nc3 {[%emt 0:00:17]} Qb6 {[%emt 0:02:08]} 22. Qb3 {[%emt 0:02:25]} Ne5 {[%emt 0:00:28]} 23. Nxb5 {[%emt 0:00:40]} axb5 {[%emt 0:00:09]} 24. Qc2 {[%emt 0:00:24]} b4 {[%emt 0:00:34]} 25. Bd2 {[%emt 0:02:49]} Qb5 {[%emt 0:01:24]} 26. b3 {[%emt 0:00:34]} c4 {[%emt 0:00:06]} 27. Ra4 {[%emt 0:00:51]} c3 {[%emt 0:00:44]} 28. Be3 {[%emt 0:00:04]} Nd7 {[%emt 0:00:05]} 29. Bf4 {[%emt 0:00:09]} Be5 {[%emt 0:00:22]} 30. Bxe5 {[%emt 0:00:08]} Rxe5 {[%emt 0:00:03]} 31. Bf3 {[%emt 0:00:03]} Nc5 {[%emt 0:00:16]} 32. Raa1 {[%emt 0:00:21]} Rbe8 {[%emt 0:00:32]} 33. Kg2 {[%emt 0:00:05]} Ne4 {[%emt 0:02:32]} 34. e3 {[%emt 0:00:06]} Nd2 {[%emt 0:00:16]} 35. Qd1 {[%emt 0:01:04]} Rc8 {[%emt 0:00:34]} 36. Ra2 {[%emt 0:00:58]} Rxd5 {[%emt 0:00:49]} 37. Bxd5+ {[%emt 0:00:08]} Qxd5+ {[%emt 0:00:03]} 38. e4 {[%emt 0:00:01]} fxe4 {[%emt 0:00:15]} 39. Re3 {[%emt 0:00:04]} Qc5 {[%emt 0:00:22]} 40. Rxd2 {[%emt 0:00:13]} cxd2 {[%emt 0:00:02]} 41. Qxd2 {[%emt 0:00:01]} d5 {[%emt 0:00:02]} 42. Re1 {[%emt 0:00:11]} Kg7 {[%emt 0:00:39]} 43. Rd1 {[%emt 0:00:06]} Rd8 {[%emt 0:00:03]} 44. Rc1 {[%emt 0:00:05]} Qd6 {[%emt 0:00:04]} 45. Qd4+ {[%emt 0:00:06]} Kg8 {[%emt 0:00:06]} 46. Rc5 {[%emt 0:00:15]} Qe6 {[%emt 0:00:17]} 47. Rc7 {[%emt 0:00:17]} Rd7 {[%emt 0:00:50]} 48. Rc8+ {[%emt 0:00:01]} Kf7 {[%emt 0:00:01]} 49. Qh8 {[%emt 0:00:02]} Qe7 {[%emt 0:01:00]} 50. h4 {[%emt 0:00:41]} e3 {[%emt 0:00:13]} 51. Qg8+ {[%emt 0:00:05]} Kf6 {[%emt 0:00:01]} 52. Rf8+ {[%emt 0:00:04]} Ke5 {[%emt 0:00:02]} 53. fxe3 {[%emt 0:00:54]} Kd6 {[%emt 0:00:17]} 54. Rf4 {[%emt 0:00:28]} Rc7 {[%emt 0:00:03]} 55. Qb8 {[%emt 0:00:07]} Qxe3 {[%emt 0:00:03]} 56. Qd8+ {[%emt 0:00:36]} Rd7 {[%emt 0:00:10]} 57. Rf6+ {[%emt 0:00:07]} Ke5 {[%emt 0:00:05]} 58. Qe8+ {[%emt 0:00:02]} Kd4 {[%emt 0:00:03]} 59. Rf4+ {[%emt 0:00:02]} Kd3 {[%emt 0:00:05]} 60. Rf3 {[%emt 0:00:10]} 1-0